| 000 | 01077nam a2200265 a 4500 | ||
|---|---|---|---|
| 001 | 25979 | ||
| 003 | CO-ViMGA | ||
| 005 | 20230915232141.0 | ||
| 008 | 141112s2004 ck r 000 u spa d | ||
| 020 | _a987591049X | ||
| 040 |
_aCO-ViMGA _bspa _cCO-ViMGA |
||
| 041 | _aspa | ||
| 082 | 0 | 4 | _a150 P17p2 |
| 100 | 1 |
_aParodi, Jorge César. _940546 |
|
| 245 | 1 | 0 |
_aPsico - cosmología : _bla psicología del hombre futuro : _bun enfoque transpersonal de la psicología de Jung / _cJorge César Parodi. |
| 246 | _aPsico - cosmología : la psicología del hombre futuro : un enfoque transpersonal de la psicología de Carl Gustav Jung / | ||
| 260 |
_aCórdoba (Argentina) : _bEditorial Brujas, _c2006. |
||
| 300 | _a372 p. : il. ; 25 cm. | ||
| 504 | _aIncluye bibliografía. | ||
| 600 |
_aJung, Carl Gustav, 1875 - 1961 Entrevistas. _940547 |
||
| 650 | 1 | 4 | _aPsicología. |
| 942 |
_2ddc _cBK |
||
| 949 | _an n | ||
| 999 |
_c33214 _d33214 |
||